Tropical journal of medical research (Record no. 38746)

MARC details
000 -LEADER
fixed length control field 00556nam a2200169Ia 4500
022 ## - INTERNATIONAL STANDARD SERIAL NUMBER
ISSN 11190388
050 ## - CALL MARK
Classification number R 98 .T76/
245 #0 - TITLE STATEMENT
Title Tropical journal of medical research
260 ## - PUBLICATION, DISTRIBUTION, ETC. (IMPRINT)
Place of publication Nigeria
260 ## - PUBLICATION, DISTRIBUTION, ETC. (IMPRINT)
Name of publisher Medical research socety.
260 ## - PUBLICATION, DISTRIBUTION, ETC. (IMPRINT)
Year of publication 2015
300 ## - PHYSICAL DESCRIPTION
Number of Pages iv, 130 p. :ill. ; 28 cm.
650 ## - SUBJECT ADDED ENTRY--TOPICAL TERM
Topical Term Medicine--Nigeria--Periodicals. Pharmacology--Nigeria--Periodicals. Medicine--Periodicals. Pharmacology--Periodicals. Medical sciences--Periodicals.
942 ## - ADDED ENTRY ELEMENTS (KOHA)
Koha item type Serials

No items available.